000 00582nam a2200181Ia 4500
003 GCL
008 140319s9999 xx 000 0 ara d
040 _aGCL /
_cGCL
082 0 4 _aط
_b539.6
_bب م
100 1 _aعمر كامل الوكيل (مترجم)
245 1 0 _aالمادة والجزيئات والذرات /
_cعمر كامل الوكيل (مترجم)
700 1 _aباركر، برثا موريس
300 _a35 ص
490 _aمجموعة الكتب العلمية المبسطة
_v0
650 0 4 _aالفيزياء
650 0 4 _aالذرات
942 _2ddc
_cBK
999 _c51337
_d51337